Регионална библиотека "Любен Каравелов" - Русе

Характерология (Запис номер 152329)

MARC детайли
000 -Лидер
Контролно поле с фиксирана дължина 01402nam a2200337 c 4500
003 - Код на организацията, давaща контролен номер
Контролно поле BLK
005 - Дата и час на последна редакция
Контролно поле 20190522092118.0
008 - Елементи от данни с фиксирана дължина
fixed length control field 180410b bul|||||r ||||||| ||bul||
010 ## - Наследен системен номер
LC control number KNG00158801000
020 ## - Международен стандартен номер на книга ISBN
Международен стандартен номер на книга ISBN 978-954-9996-41-8
-- издат.: ПСИДО
040 ## - Източник на каталожния запис
Идентификатор на билиотеката - собственик на записа BLK
041 ## - Код за език
Код за езика на текст/звукозапис или на отделно заглавие Български
Код за езика КДБФ Български
072 #7 - Код за тематичната категория
Код организация bullib
Код за тематична категория Н15
Текст Психология Н
080 ## - УДК
Текстов определител УДК Индивидуална психология. Психология на личността. Индивидуалност. Психология на характера. Характерология. Психологическа типология
УДК код - определител по УДК 159.923
УДК определител
УДК - код + определител 159.923
100 1# - Редна дума - Автор
Автор Узунов, Огнян
Авторска отговорност първи автор
R(LIN) 380760
139 ## - Редно поле
Редна дума Узунов, Огнян
Авторски знак Узунов - У 33
245 10 - Сведения за заглавието
Заглавие Характерология
Подзаглавни данни Сравнително-интердисциплинарен прочит на "Пол и характер" от Ото Вайнингер
Редно поле (дума) Огнян Узунов.
257 ## - Страна на издаване
Страна на създаване/издаване България
260 ## - Област на издателските данни
-- Варна
Име на издателя, разпространителя и проч. ПСИДО
Година на издаване 2011
300 ## - Физическа характеристика
Страници 248 с.
Размери/Мащаб 21 см
380 ## - Жанр
Жанр Философия
500 ## - Общи забележки
Забележка Библиогр. с. 244-247 и под линия.
650 #4 - Допълнително описание по предмет – тема
Основно описание – тема или топоним Характер
9 (RLIN) 176356
653 ## - Ключова дума – ненормативна
Ключова дума характер
659 ## - Тематичен бюлетин
Тематичен бюлетин Н
852 ## - Местоположение
Форматна сигнатура Цб 268286
856 4# - Електронен адрес и достъп
Електронен формат pdf - файл
Път до файла /url/
856 4# - Електронен адрес и достъп
Електронен формат pdf - файл
Път до файла /url/
942 ## - АРТИКУЛИ
Вид на библиотечния материал Книги
Скрит в OPAC Не
Koha issues (borrowed), all copies 3
944 ## - СЪЗДАВАНЕ И РЕДАКЦИЯ на ЗАПИСА
Създаване/Редакция Създаване
Дата на регистрацията/редакция 28.03.2014
Статус, дата на статуса ф /
Служител, извършил регистрацията/редакцията Людмила_Стоянова
944 ## - СЪЗДАВАНЕ И РЕДАКЦИЯ на ЗАПИСА
Създаване/Редакция Редакция
Дата на регистрацията/редакция 07.05.2014
Статус, дата на статуса ф /
Служител, извършил регистрацията/редакцията
999 ## - СИСТЕМНИ КОНТРОЛНИ НОМЕРА
Koha biblionumber 152329
Koha biblioitemnumber 152329
Наличности
Код за отписване Код за изгубен артикул Код за повреда Коз за рестрикции Код за отдаване Артикулен № Име на библиотеката - собственик Име на библиотеката, в която се намира в момента Статус (Текущо местоположение) Дата на вписване в системата Местоположение - отдел Цена в лева Инвентарен номер Систематично азбучна сигнатура Баркод Номер на екземпляра Цена в евро Служебна бележка Служебен тип на артикула Източник на класификационната схема
  Не е изгубен Не е повреден без рестрикции ползва се в читалня 254434 Регионална библиотека "Любен Каравелов" Русе Регионална библиотека "Любен Каравелов" Русе Хранилище 2014-03-31 Основен фонд - ползва се само за читалня 15.00 120000776248 Цб 268286 120000776248 1 7.67 Дост: DA Вид: А N: 7 Дата: 31.03.2014 Книги  
  Не е изгубен Не е повреден без рестрикции заемане за дома 254435 Регионална библиотека "Любен Каравелов" Русе Регионална библиотека "Любен Каравелов" Русе Дубликат 2014-03-31 Заемна - подръчен фонд 15.00 120000776249 159.923/У 33-О 120000776249 2 7.67 Дост: DA Вид: А N: 7 Дата: 31.03.2014 Дата инв: 01.02.2018 Бележки инв: П2018 Книги Universal Decimal Classification
Vip Innovations Ltd, Rousse, Bulgaria 2025